00217nam a2200097Ia 4500008004100000100002400041245002100065260000900086942000700095999001700102190216s9999||||xx |||||||||||||| ||und|| aChellappan Nair N P 0aDhashapushpangal bNull cBK c24798d24798